Leadership : (Record no. 77006)

MARC details
000 -LEADER
fixed length control field 00795nam a22002537a 4500
005 - DATE AND TIME OF LATEST TRANSACTION
control field 20130627114103.0
010 ## - LCCN (DPL NO)
LC control number ENG-107747
020 ## - INTERNATIONAL STANDARD BOOK NUMBER
International Standard Book Number 9781259097089
Terms of availability 599.00
020 ## - INTERNATIONAL STANDARD BOOK NUMBER
International Standard Book Number 1259097080
Terms of availability 599.00
035 ## - SYSTEM CONTROL NUMBER
System control number EN-91280
037 ## - SOURCE OF ACQUISITION
Source of stock number/acquisition DBAD/PUB
082 ## - DEWEY DECIMAL CLASSIFICATION NUMBER
Classification number 303.994
100 ## - MAIN ENTRY--PERSONAL NAME
Personal name Hughes, Richard L.
245 ## - TITLE STATEMENT
Title Leadership :
Statement of responsibility, etc by Richard L. Hughes, Robert C. Ginnett [and] Gordon J. Curphy
Remainder of title enhancing the lessons of experience /
250 ## - EDITION STATEMENT
Edition statement 7th ed.
260 ## - PUBLICATION, DISTRIBUTION, ETC. (IMPRINT)
Name of publisher, distributor, etc Tata McGraw Hill
Date of publication, distribution, etc 2013
Place of publication, distribution, etc New Delhi
270 ## - ADDRESS
Address P-24, Green Park Extnsion
City New Delhi
Postal code 110016
300 ## - PHYSICAL DESCRIPTION
Extent xviii,716p.
Dimensions 23cm(pbk)
Other physical details ill.
500 ## - GENERAL NOTE
General note Includes index
650 ## - SUBJECT ADDED ENTRY--TOPICAL TERM
Topical term or geographic name as entry element Leadership
700 ## - ADDED ENTRY--PERSONAL NAME
Personal name Ginnett, Robert C.
700 ## - ADDED ENTRY--PERSONAL NAME
Personal name Curphy, Gordon J.
942 ## - ADDED ENTRY ELEMENTS (KOHA)
Source of classification or shelving scheme Dewey Decimal Classification
Item type English Books
Call number suffix HUG
Classification part 303.994
Holdings
Withdrawn status Lost status Not for loan Collection code Home library Current library Date acquired Source of acquisition Cost, normal purchase price Full call number Barcode Copy number Cost, replacement price Koha item type
    Not For Loan Non-fiction D.B.Act.Division D.B.Act.Division 27/06/2013 DBAD / PUB 599.00 303.994 HUG EN-91280 1 599.00 English Books

© Delhi Public Library
Hit Counter
free hit counter